[Event "Reykjavik Open 2018"]
[Site "Reykjavik ISL"]
[Date "2018.03.11"]
[Round "6.74"]
[White "Brunello, Marina"]
[Black "Sajjadi, Kimiya"]
[Result "1-0"]
[WhiteTitle "FM"]
[WhiteElo "2367"]
[BlackElo "1958"]
[WhiteFideId "822590"]
[BlackFideId "1516434"]
[EventDate "2018.03.06"]

1. e4 e6 2. d4 d5 3. Nd2 c5 4. exd5 Qxd5 5. dxc5 Bxc5 6. Ngf3 Nf6 7. Bc4 Qc6 8.
Qe2 Nbd7 9. Nb3 b6 10. Nxc5 Qxc5 11. Be3 Qh5 12. Nd4 Qxe2+ 13. Bxe2 Bb7 14. O-O
a6 15. c4 O-O 16. f3 Rfc8 17. Rfd1 Rc7 18. Rd2 Rac8 19. Rad1 Kf8 20. Bf1 h6 21.
h4 Kg8 22. b3 Nc5 23. Nc2 Rd7 24. Rxd7 Ncxd7 25. Nd4 Nc5 26. b4 Ncd7 27. Nb3 Ne5
28. Rc1 Nfd7 29. a4 Nc6 30. b5 axb5 31. axb5 Ne7 32. Rd1 Rc7 33. h5 Kh7 34. Be2
Ba8 35. g4 Bb7 36. Kf2 Nc8 37. Bd4 e5 38. Be3 Kg8 39. g5 hxg5 40. Bxg5 f6 41.
Be3 Kf7 42. Bc1 Ke6 43. Ba3 Ba8 44. Bb4 f5 45. Ra1 Bb7 46. Rg1 Nc5 47. Rg6+ Kf7
48. Nxc5 bxc5 49. Bc3 Re7 50. f4 e4 51. Rxg7+ Kf8 52. Rxe7 Nxe7 53. Bb2 Ng8 54.
Ba3 Nf6 55. Bxc5+ 1-0

[Event "Reykjavik Open 2018"]
[Site "Reykjavik ISL"]
[Date "2018.03.11"]
[Round "6.75"]
[White "Thorgeirsson, Jon Kristinn"]
[Black "Sigurdsson, Birkir Karl"]
[Result "1-0"]
[WhiteTitle "FM"]
[WhiteElo "2298"]
[BlackElo "1928"]
[WhiteFideId "2307731"]
[BlackFideId "2304180"]
[EventDate "2018.03.06"]

1. d4 Nf6 2. Bf4 e6 3. Nf3 c5 4. e3 b6 5. Nbd2 Bb7 6. Nc4 d5 7. Nce5 Be7 8. Bb5+
Nbd7 9. Nxd7 Nxd7 10. Ne5 O-O 11. Bxd7 cxd4 12. exd4 Bd6 13. Bb5 f6 14. Nd3 Bxf4
15. Nxf4 Qd6 16. Qd2 e5 17. Ne2 a6 18. Ba4 b5 19. Bb3 a5 20. c3 Kh8 21. O-O Rfe8
22. Rfe1 Rad8 23. Bc2 Qc7 24. Qd3 e4 25. Qxb5 f5 26. Ba4 f4 27. Qc5 1-0

[Event "Reykjavik Open 2018"]
[Site "Reykjavik ISL"]
[Date "2018.03.11"]
[Round "6.76"]
[White "Valtysson, Thor"]
[Black "Lorscheid, Gerhard"]
[Result "0-1"]
[BlackTitle "FM"]
[WhiteElo "1922"]
[BlackElo "2228"]
[WhiteFideId "2301903"]
[BlackFideId "4606000"]
[EventDate "2018.03.06"]

1. d4 d6 2. h3 g6 3. Nf3 Bg7 4. Bf4 Nd7 5. c3 e5 6. dxe5 dxe5 7. Bh2 Ne7 8. e3
O-O 9. Bc4 Nf5 10. O-O Qe7 11. a4 Rd8 12. Qe2 Nd6 13. Ba2 a5 14. Rd1 b6 15. Bd5
Ba6 16. Qc2 Rac8 17. Na3 c6 18. Ba2 b5 19. Rd2 Nc5 20. axb5 cxb5 21. Rad1 Nce4
22. Rd5 Bb7 23. Rxe5 Bxe5 24. Nxe5 b4 25. Nb1 Kg7 26. f3 Ng5 27. e4 f6 28. Nd3
Nc4 29. Qe2 Ba6 30. Qe1 Qa7+ 31. Kh1 Qe3 32. Bxc4 Qxe1+ 33. Rxe1 Bxc4 34. Nf4
Ne6 35. Nxe6+ Bxe6 36. Bg1 Kf7 37. Bd4 a4 38. Bb6 Rd3 39. Ba5 a3 40. bxa3 bxc3 0-1

[Event "Reykjavik Open 2018"]
[Site "Reykjavik ISL"]
[Date "2018.03.11"]
[Round "6.77"]
[White "Andrason, Pall"]
[Black "Heimisson, Hilmir Freyr"]
[Result "0-1"]
[BlackTitle "CM"]
[WhiteElo "1858"]
[BlackElo "2224"]
[WhiteFideId "2300630"]
[BlackFideId "2309998"]
[EventDate "2018.03.06"]

1. Nf3 c5 2. g3 d5 3. Bg2 Nf6 4. O-O Nc6 5. d4 cxd4 6. Nxd4 Qb6 7. c3 e5 8. Nb3
Be7 9. Be3 Qd8 10. Bc5 h5 11. Bxe7 Nxe7 12. h3 a5 13. N1d2 Ng6 14. e3 Qc7 15.
Re1 a4 16. Nc1 e4 17. Ne2 h4 18. g4 Nxg4 19. hxg4 h3 20. Bh1 h2+ 21. Kf1 Bxg4
22. f3 exf3 23. Nxf3 Bxf3 24. Bxf3 h1=Q+ 25. Bxh1 Rxh1+ 26. Ng1 Qg3 27. Ke2 Rh2+
28. Kd3 Nf4+ 29. Kd4 Ne6+ 30. Kd3 Qg6+ 31. e4 dxe4+ 32. Kc4 Rxb2 33. Qc1 Rc8+
34. Kd5 Rb5+ 0-1

[Event "Reykjavik Open 2018"]
[Site "Reykjavik ISL"]
[Date "2018.03.11"]
[Round "6.78"]
[White "Edvardsson, Kristjan"]
[Black "Pedersen, Lars Wisler"]
[Result "1-0"]
[WhiteElo "2217"]
[BlackElo "1842"]
[WhiteFideId "2300893"]
[BlackFideId "1417045"]
[EventDate "2018.03.06"]

1. Nf3 d5 2. c4 d4 3. g3 c5 4. b4 cxb4 5. a3 e6 6. axb4 Nf6 7. Bg2 Be7 8. Qa4+
Bd7 9. b5 Bc8 10. b6+ Nc6 11. Ne5 Qxb6 12. Nxc6 Bd7 13. Qa5 Bc5 14. Qxb6 Bxb6
15. Ne5 Rc8 16. Bxb7 Rc7 17. Bg2 Ke7 18. Ba3+ Ke8 19. O-O Nh5 20. Bd6 Rc8 21.
Bb7 Rd8 22. c5 f6 23. Nc4 Bb5 24. Nba3 Bxc4 25. Nxc4 Bc7 26. Bxc7 Rd7 27. Bc6
Ke7 28. Rxa7 Rc8 29. Bd6+ 1-0

[Event "Reykjavik Open 2018"]
[Site "Reykjavik ISL"]
[Date "2018.03.11"]
[Round "6.79"]
[White "Maxion, Dirk"]
[Black "Ilkov, Dani"]
[Result "1/2-1/2"]
[WhiteTitle "FM"]
[WhiteElo "2187"]
[BlackElo "1841"]
[WhiteFideId "4601777"]
[BlackFideId "2926849"]
[EventDate "2018.03.06"]

1. e4 e5 2. Nf3 Nc6 3. Bb5 Nf6 4. Qe2 Bc5 5. c3 Qe7 6. d3 O-O 7. O-O d6 8. h3 h6
9. Rd1 Bb6 10. a4 a5 11. Nh4 Nxe4 12. Qxe4 f5 13. Bc4+ Kh7 14. Nxf5 Bxf5 15. Qe2
Bg6 16. Rf1 Bf7 17. Qe4+ g6 18. Nd2 Rad8 19. Bd5 Bxd5 20. Qxd5 Qf7 1/2-1/2

[Event "Reykjavik Open 2018"]
[Site "Reykjavik ISL"]
[Date "2018.03.11"]
[Round "6.80"]
[White "Loftsson, Hrafn"]
[Black "Berg, Margar M."]
[Result "1-0"]
[WhiteElo "2169"]
[BlackElo "1811"]
[WhiteFideId "2300729"]
[BlackFideId "7200021"]
[EventDate "2018.03.06"]

1. d4 d5 2. c4 dxc4 3. Nf3 g6 4. Qa4+ Nd7 5. Qxc4 Bg7 6. Nc3 Ngf6 7. g3 O-O 8.
Bg2 Nb6 9. Qd3 Nbd5 10. O-O Nb4 11. Qc4 Nc2 12. Rb1 Bf5 13. Rd1 Ne4 14. Nh4 Nxc3
15. bxc3 Nxd4 16. Rxd4 Bxd4 17. Nxf5 gxf5 18. cxd4 Qd7 19. Bh6 Rfd8 20. e3 c6
21. a4 Rac8 22. Bh3 b5 23. Qc2 e6 24. Bg5 Re8 25. Bf6 bxa4 26. Qxa4 h6 27. Ra1
Rc7 28. Be5 Rb7 29. Bg2 Rc8 30. h4 Kh7 31. Qa6 Kg6 32. Bf3 f6 33. h5+ Kg7 34.
Bf4 Kh7 35. Kg2 Qg7 36. Bxc6 Rxc6 37. Qxc6 Rb6 38. Qc7 1-0

[Event "Reykjavik Open 2018"]
[Site "Reykjavik ISL"]
[Date "2018.03.11"]
[Round "6.81"]
[White "Meier, Gerd"]
[Black "Halldorsson, Bragi"]
[Result "0-1"]
[WhiteElo "1804"]
[BlackElo "2126"]
[WhiteFideId "4682971"]
[BlackFideId "2300907"]
[EventDate "2018.03.06"]

1. e4 c6 2. d4 d5 3. e5 Bf5 4. g4 Bg6 5. h4 h5 6. e6 Qd6 7. exf7+ Bxf7 8. g5 e5
9. Ne2 Nd7 10. dxe5 Nxe5 11. Nd4 O-O-O 12. Bh3+ Kb8 13. Bf4 Re8 14. Kf1 Qc7 15.
Rg1 g6 16. a4 Bd6 17. Bg3 Ne7 18. c3 Nc8 19. b4 Rhf8 20. Na3 Bg8 21. Kg2 Nc4 22.
Nxc4 Bxg3 23. fxg3 dxc4 24. Qd2 Nd6 25. Rae1 Ne4 26. Qe3 Bd5 27. Kh2 Re7 28.
Rgf1 Rfe8 29. Bg2 a6 30. a5 Nxg3 31. Qxg3 Qxg3+ 32. Kxg3 Rxe1 0-1

[Event "Reykjavik Open 2018"]
[Site "Reykjavik ISL"]
[Date "2018.03.11"]
[Round "6.82"]
[White "Opasiak, Dustin Tennessee"]
[Black "Kristjansson, Atli Freyr"]
[Result "0-1"]
[WhiteElo "1797"]
[BlackElo "2123"]
[WhiteFideId "24630217"]
[BlackFideId "2302268"]
[EventDate "2018.03.06"]

1. e4 c5 2. Nf3 d6 3. d4 cxd4 4. Nxd4 Nf6 5. Nc3 a6 6. Qe2 e6 7. g4 b5 8. Bg2
Bb7 9. a3 Be7 10. O-O Qc7 11. g5 Nfd7 12. Qh5 g6 13. Qh6 Bf8 14. Qh3 e5 15. Nb3
Nb6 16. Na5 Bc8 17. Qf3 Bg7 18. Qd3 O-O 19. Nd5 Nxd5 20. Qxd5 Ra7 21. Be3 Be6
22. Qd2 Ra8 23. Rad1 Nc6 24. Nxc6 Qxc6 25. f4 exf4 26. Bxf4 Bxb2 27. Bxd6 Rfd8
28. e5 Qb6+ 29. Kh1 Rac8 30. Qf4 Rxc2 31. Be7 Re8 32. Rd6 Qc7 33. Rxe6 Rxe7 34.
Rxe7 Qxe7 35. Bd5 Rc7 36. e6 fxe6 37. Bxe6+ Kg7 38. Qh4 Rc1 39. Rxc1 Qxe6 40.
Rc7+ Kg8 41. Qxh7+ Kf8 42. Qh4 Qd5+ 43. Kg1 Bd4+ 44. Kf1 Qf3+ 45. Ke1 Bc3+ 46.
Rxc3 Qxc3+ 47. Kd1 Qd3+ 48. Ke1 Ke7 49. Qf4 Qd6 50. Qh4 Qe5+ 51. Kd1 Ke6 52.
Qg4+ Kd5 53. Qd7+ Qd6 54. Qf7+ Ke4+ 55. Ke1 Qc6 56. Qe7+ Kf5 57. Kf2 Qc2+ 58.
Kf3 Qd3+ 59. Kf2 Qd4+ 60. Kf3 Qf4+ 61. Ke2 Qe4+ 62. Qxe4+ Kxe4 63. h4 Kf5 0-1

[Event "Reykjavik Open 2018"]
[Site "Reykjavik ISL"]
[Date "2018.03.11"]
[Round "6.83"]
[White "Bucher, Grant W"]
[Black "Magnusdottir, Veronika Steinunn"]
[Result "1-0"]
[WhiteElo "2121"]
[BlackElo "1735"]
[WhiteFideId "413810"]
[BlackFideId "2309114"]
[EventDate "2018.03.06"]

1. e4 c5 2. Nf3 e6 3. g3 Nc6 4. Bg2 d6 5. O-O Nf6 6. Qe2 Be7 7. c3 a6 8. d4 b5
9. e5 Nd7 10. exd6 Bxd6 11. Ne5 Nxd4 12. cxd4 Rb8 13. Nc6 1-0

[Event "Reykjavik Open 2018"]
[Site "Reykjavik ISL"]
[Date "2018.03.11"]
[Round "6.84"]
[White "Halldorsson, Hjorleifur"]
[Black "Kvamme, John A"]
[Result "0-1"]
[WhiteElo "1792"]
[BlackElo "2108"]
[WhiteFideId "2303647"]
[BlackFideId "1500562"]
[EventDate "2018.03.06"]

1. e4 c5 2. Nf3 g6 3. g3 Bg7 4. Bg2 d6 5. d3 Nf6 6. O-O O-O 7. Re1 Nc6 8. c3 e5
9. h3 Re8 10. Qc2 h6 11. Nbd2 Be6 12. Nf1 Qd7 13. Kh2 d5 14. Bd2 Rad8 15. Rad1
Qc7 16. Kh1 b5 17. g4 c4 18. Qc1 cxd3 19. Bxh6 Nxe4 20. Kg1 d2 21. Bxd2 Nxd2 22.
Qxd2 d4 23. cxd4 exd4 24. b3 Bd5 25. Rxe8+ Rxe8 26. Rc1 Qd6 27. Ng3 a6 28. Re1
Rd8 29. Ne4 Qb4 30. Qc1 d3 31. Qc5 Bxe4 32. Qxb4 Nxb4 0-1

[Event "Reykjavik Open 2018"]
[Site "Reykjavik ISL"]
[Date "2018.03.11"]
[Round "6.85"]
[White "Jonsson, Gauti Pall"]
[Black "De Winter, Eric"]
[Result "1-0"]
[WhiteElo "2104"]
[BlackElo "1775"]
[WhiteFideId "2309092"]
[BlackFideId "1033069"]
[EventDate "2018.03.06"]

1. e4 c5 2. Nc3 Nc6 3. Bb5 g6 4. Bxc6 bxc6 5. f4 d6 6. Nf3 Bg7 7. O-O e6 8. d3
Ne7 9. Qe1 Rb8 10. e5 Nf5 11. Ne4 dxe5 12. fxe5 Bxe5 13. Nxe5 Qd4+ 14. Kh1 Qxe5
15. Bf4 Qxb2 16. Bxb8 Qxb8 17. Qc3 e5 18. Rab1 Qc7 19. Qxc5 1-0

[Event "Reykjavik Open 2018"]
[Site "Reykjavik ISL"]
[Date "2018.03.11"]
[Round "6.86"]
[White "Johannesson, Haki"]
[Black "Petersson, Baldur Teodor"]
[Result "1/2-1/2"]
[BlackTitle "CM"]
[WhiteElo "1696"]
[BlackElo "2073"]
[WhiteFideId "2304694"]
[BlackFideId "2309157"]
[EventDate "2018.03.06"]

1. e4 c5 2. Nf3 e6 3. c3 b6 4. d4 Bb7 5. Bd3 Nf6 6. Qe2 Be7 7. O-O Qc7 8. b3 d6
9. Bg5 Nc6 10. Nbd2 h6 11. Bxf6 Bxf6 12. dxc5 dxc5 13. Rac1 g5 14. Rfd1 g4 15.
Ne1 h5 16. Ba6 O-O-O 17. Bxb7+ Kxb7 18. Nc4 Ne5 19. Rxd8 Rxd8 20. Nxe5 Bxe5 21.
g3 Qd6 22. f4 gxf3 23. Nxf3 Bg7 24. e5 Qd7 25. Qe4+ Qd5 26. Qxd5+ exd5 27. Kg2
Re8 28. Rf1 f6 29. exf6 Bxf6 30. c4 d4 31. Re1 Rd8 32. h3 Ka6 33. g4 hxg4 34.
hxg4 Ka5 35. a3 d3 36. Rd1 Bb2 37. g5 Bxa3 38. Ne5 Rg8 39. Nc6+ Ka6 40. Rxd3
Rxg5+ 41. Kf3 Rg7 42. Nb8+ Kb7 43. Rd7+ Rxd7 44. Nxd7 Bb2 45. Nf8 Kc6 46. Ke4
Kd6 47. Ng6 Bc1 48. Ne5 Bd2 49. Nf7+ Ke6 50. Ne5 a6 51. Nf3 Bc3 52. Ng5+ Kd6 53.
Nf7+ Kc6 54. Ng5 Bf6 55. Nf3 b5 56. cxb5+ axb5 57. Nd2 Bc3 58. Nf3 Kd6 59. Kd3
Bf6 60. Nd2 Bc3 61. Nf3 Be5 62. Nd2 Bf4 63. Nf3 Bh6 64. Ne1 Ke5 65. Nc2 Bc1 66.
Ne1 Kf4 67. Kc2 Ba3 68. Kd3 Bb2 69. Kc2 Bd4 70. Kd3 Ke5 71. Nf3+ Kd5 72. Ne1 c4+
73. bxc4+ bxc4+ 74. Ke2 Bc5 75. Ng2 Ke4 76. Kd2 Bb4+ 77. Kc2 Kf3 78. Nh4+ Kg4
79. Ng6 Kf5 80. Ne7+ Bxe7 81. Kc3 Ke4 82. Kxc4 1/2-1/2

[Event "Reykjavik Open 2018"]
[Site "Reykjavik ISL"]
[Date "2018.03.11"]
[Round "6.87"]
[White "Ebner, Johann"]
[Black "Kvendseth, Thyra"]
[Result "0-1"]
[WhiteElo "2070"]
[BlackElo "1757"]
[WhiteFideId "1603957"]
[BlackFideId "1520628"]
[EventDate "2018.03.06"]

1. d4 Nf6 2. c4 g6 3. Nc3 Bg7 4. e4 d6 5. h3 O-O 6. Be3 Nbd7 7. Bd3 e5 8. d5 Qe7
9. Nge2 Ne8 10. g4 Nc5 11. Bc2 a5 12. Ng3 Bd7 13. Qd2 Nf6 14. O-O-O Rfb8 15. a4
Ne8 16. g5 Na6 17. h4 Nb4 18. f3 Nxc2 19. Qxc2 f5 20. exf5 gxf5 21. Nxf5 Qf7 22.
Nxg7 Qxf3 23. Rde1 Nxg7 24. Rhf1 Qh3 25. Ne4 Nh5 26. g6 Rf8 27. gxh7+ Kh8 28.
Ng5 Rxf1 29. Nxh3 Rxe1+ 30. Kd2 Rh1 31. Qg6 Rxh3 32. Qxh5 Rf8 33. Qg6 Rh2+ 34.
Kc3 Rh3 35. Kd2 Rh2+ 36. Kc3 Bxa4 37. b3 Bd7 38. c5 Bf5 0-1

[Event "Reykjavik Open 2018"]
[Site "Reykjavik ISL"]
[Date "2018.03.11"]
[Round "6.88"]
[White "Jonsson, Sveinbjorn"]
[Black "Larson, Gerald"]
[Result "1-0"]
[WhiteElo "1682"]
[BlackElo "2065"]
[WhiteFideId "2303248"]
[BlackFideId "2018756"]
[EventDate "2018.03.06"]

1. e4 c5 2. Nf3 Nc6 3. d4 cxd4 4. Nxd4 Qc7 5. Nc3 e6 6. Be3 a6 7. a3 d6 8. f3 h5
9. Qd2 Bd7 10. Nb3 Nf6 11. O-O-O Rb8 12. Be2 b5 13. Na2 a5 14. Nd4 Ne5 15. Qc3
Qb7 16. Qxa5 d5 17. Qd2 Nc4 18. Bxc4 bxc4 19. Nb4 dxe4 20. c3 Ba4 21. Ndc2 Nd5
22. fxe4 Bxc2 23. exd5 Bxd1 24. Rxd1 Bxb4 25. cxb4 O-O 26. d6 Rfd8 27. Qc3 Qe4
28. h3 f6 29. Bc5 e5 30. g4 hxg4 31. hxg4 Qxg4 32. b3 Rd7 33. bxc4 Rc8 34. Qd3
Qe6 35. Rh1 1-0

[Event "Reykjavik Open 2018"]
[Site "Reykjavik ISL"]
[Date "2018.03.11"]
[Round "6.89"]
[White "Vignisson, Ingvar Egill"]
[Black "Kumar, Naman"]
[Result "1-0"]
[WhiteElo "1656"]
[BlackElo "2045"]
[WhiteFideId "2309270"]
[BlackFideId "30908922"]
[EventDate "2018.03.06"]

1. e4 c5 2. Nf3 d6 3. d4 cxd4 4. Nxd4 Nf6 5. Nc3 a6 6. Be3 e5 7. Nb3 Be6 8. f3
h5 9. a4 d5 10. exd5 Nxd5 11. Nxd5 Bxd5 12. Be2 Bxb3 13. Qxd8+ Kxd8 14. Bb6+ Ke8
15. cxb3 Bb4+ 16. Kf2 Ke7 17. Rac1 Nd7 18. Rc7 Rhc8 19. Rhc1 Rxc7 20. Rxc7 Ke8
21. a5 Nxb6 22. axb6 Rb8 23. Bc4 Be7 24. Bd5 f6 25. Ke2 Kd8 26. Kd3 g6 27. Be6
Ke8 28. Kc4 h4 29. h3 Kd8 30. Kd5 Ke8 31. Bd7+ Kf7 32. Rc8 Rxc8 33. Bxc8 Bd8 34.
Bxb7 Bxb6 35. Bxa6 Bd4 36. b4 Bxb2 37. b5 Bd4 38. Kc6 f5 39. b6 Kf6 40. b7 Ba7
41. Bc4 Kg5 42. Bf7 e4 43. fxe4 fxe4 44. Be6 Kf4 45. Kc7 e3 46. Bg4 Kg3 47. Kd6
Kf2 48. Ke5 Bb8+ 49. Kf6 e2 50. Bxe2 Kxe2 51. Kg5 Ke3 52. Kxh4 Kf4 53. g3+ Kf5
54. g4+ Ke6 55. Kg5 Kf7 56. h4 Ba7 57. b8=Q Bxb8 58. h5 gxh5 59. gxh5 1-0

[Event "Reykjavik Open 2018"]
[Site "Reykjavik ISL"]
[Date "2018.03.11"]
[Round "6.90"]
[White "Fjallheim, Elmar Reinert"]
[Black "Thorsteinsdottir, Hallgerdur"]
[Result "0-1"]
[BlackTitle "WFM"]
[WhiteElo "1644"]
[BlackElo "2041"]
[WhiteFideId "7201095"]
[BlackFideId "2302454"]
[EventDate "2018.03.06"]

1. e4 c6 2. d4 d5 3. Nc3 dxe4 4. Nxe4 Nd7 5. Nf3 Ngf6 6. Nxf6+ Nxf6 7. Bd3 Bg4
8. h3 Bxf3 9. Qxf3 Qxd4 10. Qe3 Qxe3+ 11. Bxe3 e6 12. a3 Be7 13. Rd1 O-O 14. O-O
Nd5 15. Bc1 Rfd8 16. Rfe1 h6 17. c4 Nf6 18. Bc2 Bc5 19. Kf1 Bd4 20. f3 c5 21.
Rd3 Nd7 22. b3 Bf6 23. Bf4 Nf8 24. Bd6 b6 25. Red1 Ng6 26. Bc7 Rxd3 27. Rxd3 Bd4
28. Bg3 Kf8 29. Rd1 Ke8 30. Be4 Rd8 31. Bc7 Rc8 32. Bg3 Ne7 33. Bb7 Rd8 34. Be4
Nf5 35. Bf4 g5 36. Bc1 Ng3+ 37. Ke1 Bf2+ 0-1

[Event "Reykjavik Open 2018"]
[Site "Reykjavik ISL"]
[Date "2018.03.11"]
[Round "6.91"]
[White "Hrafnsson, Hreinn"]
[Black "Arnarsson, Hrannar"]
[Result "0-1"]
[WhiteElo "1637"]
[BlackElo "2029"]
[WhiteFideId "2304686"]
[BlackFideId "2301121"]
[EventDate "2018.03.06"]

1. d4 Nf6 2. c4 e6 3. Nc3 Bb4 4. Qc2 c5 5. e3 Nc6 6. Nf3 O-O 7. Bd3 b6 8. O-O
Bxc3 9. bxc3 d6 10. Ba3 Qc7 11. Ng5 h6 12. Ne4 Ba6 13. Nxf6+ gxf6 14. Qe2 Ne7
15. h4 Rfd8 16. Qh5 Kg7 17. Qg4+ Kf8 18. Qh5 Ng8 19. e4 e5 20. d5 Qd7 21. Bc1
Bc8 22. Bxh6+ Nxh6 23. Qxh6+ Ke7 24. f3 Ba6 25. Qh5 Rh8 26. Qg4 Qxg4 27. fxg4
Rxh4 28. Be2 Rg8 29. g3 Rhxg4 30. Bxg4 Rxg4 31. Rf3 Rxe4 32. Raf1 Bxc4 33. R1f2
Re1+ 34. Kh2 Bxd5 0-1

[Event "Reykjavik Open 2018"]
[Site "Reykjavik ISL"]
[Date "2018.03.11"]
[Round "6.92"]
[White "Marentini, Marcel"]
[Black "Carroll, Peter"]
[Result "1/2-1/2"]
[WhiteElo "2024"]
[BlackElo "1733"]
[WhiteFideId "1318730"]
[BlackFideId "2510243"]
[EventDate "2018.03.06"]

1. Nf3 d6 2. d4 Nf6 3. c4 g6 4. Nc3 Bg7 5. e4 O-O 6. h3 e5 7. d5 a5 8. g4 Na6 9.
Be3 h5 10. g5 Nd7 11. a3 Nac5 12. b4 axb4 13. axb4 Rxa1 14. Qxa1 Nb3 15. Qd1 Nd4
16. Rg1 Nxf3+ 17. Qxf3 Nb8 18. Qd1 Re8 19. h4 Bf8 20. Rg3 Na6 21. Qb3 Bd7 22.
Bh3 Bxh3 23. Rxh3 Nb8 24. Kf1 Nd7 25. Rf3 Qa8 26. Kg2 Qa6 27. Nb5 Rc8 28. Bd2
Nb6 29. Be3 Nd7 30. Bc1 Nb6 31. Qc2 Qa4 32. Rb3 Ra8 33. Be3 Qa2 34. Qxa2 Rxa2
35. Nc3 Ra6 36. Bxb6 cxb6 37. Nb5 Be7 38. Kg3 Kg7 39. Kg2 Ra1 40. Na3 f6 41.
gxf6+ Bxf6 42. Nb5 Be7 43. c5 bxc5 44. bxc5 dxc5 45. d6 Bd8 46. Nc7 Bxc7 47.
dxc7 Ra8 48. Rb5 Rc8 49. Rxc5 Kf6 50. Kg3 Ke6 51. f4 exf4+ 52. Kxf4 Kd6 53. Rg5
Kxc7 54. Rxg6 Rf8+ 55. Ke5 Re8+ 56. Kf5 b5 57. e5 b4 58. Rg1 Kc6 59. Kf6 b3 60.
e6 b2 61. Rb1 Rf8+ 62. Ke7 Rf2 63. Rd1 Rd2 64. Rb1 Rf2 65. Kd8 Rf8+ 66. Ke7 Rf2
67. Ke8 Kc7 68. Ke7 Kc6 69. Kd8 Rf8+ 70. Ke7 Rf2 71. Ke8 Kc7 72. e7 Kc8 73. Rc1+
bxc1=Q 1/2-1/2

[Event "Reykjavik Open 2018"]
[Site "Reykjavik ISL"]
[Date "2018.03.11"]
[Round "6.93"]
[White "Magnusson, Magnus"]
[Black "Lima, Steinar"]
[Result "1-0"]
[WhiteElo "2023"]
[BlackElo "1637"]
[WhiteFideId "2302128"]
[BlackFideId "1542290"]
[EventDate "2018.03.06"]

1. e4 e6 2. d3 d5 3. Nd2 c5 4. g3 Nc6 5. Bg2 Nf6 6. f4 e5 7. f5 d4 8. g4 h6 9.
h3 b5 10. Ngf3 c4 11. O-O Bc5 12. Kh2 Bb7 13. Qe2 Nb4 14. Ne1 cxd3 15. Nxd3 Nxd3
16. cxd3 O-O 17. Nb3 Bb6 18. h4 Nxe4 19. Bxe4 Qxh4+ 20. Kg2 Bxe4+ 21. Qxe4 Rac8
22. Bd2 Rc2 23. Rf2 Rfc8 24. Rh1 Qf6 25. Rc1 Qh4 26. Rxc2 Rxc2 27. Be1 Rxf2+ 28.
Bxf2 Qg5 29. Kh3 h5 30. Bh4 hxg4+ 31. Qxg4 Qe3+ 32. Qg3 Qe2 33. Bf6 Qh5+ 34. Kg2
Qe2+ 35. Kg1 Qd1+ 36. Kf2 Qc2+ 37. Ke1 Ba5+ 38. Nxa5 Qc1+ 39. Kf2 Qd2+ 40. Kg1
Qd1+ 41. Kh2 Qd2+ 42. Kh3 Qh6+ 43. Bh4 Qd2 44. f6 g6 45. Nc6 Qd1 46. Nxe5 Qf1+
47. Kh2 Qe2+ 48. Kg1 Qd1+ 49. Qe1 Qc2 50. Nf3 Qc8 51. Qe4 Qc1+ 52. Be1 Qxb2 53.
Qe8+ Kh7 54. Qxf7+ Kh6 1-0

[Event "Reykjavik Open 2018"]
[Site "Reykjavik ISL"]
[Date "2018.03.11"]
[Round "6.94"]
[White "Olafsson, Arni"]
[Black "Arnalds, Stefan"]
[Result "0-1"]
[WhiteElo "1231"]
[BlackElo "1999"]
[WhiteFideId "2313510"]
[BlackFideId "2304821"]
[EventDate "2018.03.06"]

1. e4 d6 2. Nf3 g6 3. Bc4 Nf6 4. d3 Bg7 5. O-O O-O 6. Bf4 Nh5 7. Bc1 Nc6 8. c3
Bg4 9. h3 Bxf3 10. Qxf3 Ne5 11. Qe2 Nxc4 12. dxc4 c5 13. Be3 Qb6 14. Na3 Rab8
15. Rab1 Qa5 16. Qd2 Rfd8 17. Rfd1 a6 18. Qd3 b5 19. cxb5 axb5 20. Ra1 Nf6 21.
f3 Nd7 22. Nc2 Ne5 23. Qe2 Rdc8 24. Ne1 b4 25. Bd2 Nc6 26. Qe3 Qb5 27. b3 c4 28.
Rab1 Ra8 29. Rb2 Rc7 30. Kh1 Rca7 31. Rc1 cxb3 32. axb3 Ra1 33. Rbc2 Rxc1 34.
Rxc1 bxc3 35. Bxc3 Qxb3 36. Qd2 Ra2 37. Qd5 Qxd5 38. exd5 Ne5 39. Bd4 Bf6 40. f4
Nd7 41. Bxf6 Nxf6 42. Rd1 Ra5 43. Nf3 Nxd5 44. Rd4 Ne3 45. Re4 Ra1+ 46. Ng1 Nf5
47. Kh2 d5 48. Re5 e6 49. Nf3 Ra4 50. Re2 Rxf4 51. Kg1 Nd4 0-1

[Event "Reykjavik Open 2018"]
[Site "Reykjavik ISL"]
[Date "2018.03.11"]
[Round "6.95"]
[White "Thorisson, Benedikt"]
[Black "Mai, Alexander Oliver"]
[Result "0-1"]
[WhiteElo "1214"]
[BlackElo "1995"]
[WhiteFideId "2314576"]
[BlackFideId "2313391"]
[EventDate "2018.03.06"]

1. e4 g6 2. d4 Bg7 3. Nf3 a6 4. Bf4 b5 5. c4 c6 6. Nbd2 d6 7. Be2 Nd7 8. O-O e5
9. Be3 Ngf6 10. Rc1 O-O 11. Qc2 Bb7 12. Nb3 exd4 13. Bxd4 bxc4 14. Bxc4 c5 15.
Bxf6 Bxf6 16. Rcd1 Qb6 17. Bd5 Bxd5 18. Rxd5 Rfe8 19. Rfd1 Re6 20. Nfd2 Be7 21.
Nc4 Qc7 22. f3 Nf6 23. R5d3 Rb8 24. Qd2 Ne8 25. Qa5 Qc6 26. Ne3 Rb4 27. Nd5 Ra4
28. Nxe7+ Rxe7 29. Qd8 Qc7 30. Rxd6 Kg7 31. Rd7 Qxd8 32. Rxd8 c4 33. Nc5 Rxa2
34. Rc8 Rxb2 35. Nxa6 Ra7 36. Rxe8 Rxa6 37. Rc8 Raa2 38. g4 Rg2+ 39. Kh1 Rxh2+
40. Kg1 Rhg2+ 41. Kh1 Rgf2 42. Rxc4 Rxf3 43. e5 Re2 44. Rc5 Rh3+ 45. Kg1 Rg3+
46. Kf1 Re4 47. Rd7 Rgxg4 48. Re7 Rgf4+ 49. Kg2 Rf5 50. Rd5 Kf8 0-1

[Event "Reykjavik Open 2018"]
[Site "Reykjavik ISL"]
[Date "2018.03.11"]
[Round "6.97"]
[White "Murray, Michael A."]
[Black "Haile, Batel Goitom"]
[Result "1-0"]
[WhiteElo "1975"]
[BlackElo "1361"]
[WhiteFideId "2609126"]
[BlackFideId "2315190"]
[EventDate "2018.03.06"]

1. e4 c5 2. Nc3 d6 3. g3 b6 4. Bg2 Bb7 5. d3 e5 6. f4 Nd7 7. Nf3 Ngf6 8. O-O Be7
9. h3 O-O 10. g4 Qc7 11. f5 d5 12. g5 Nh5 13. Nxe5 Qxe5 14. Qxh5 Qd4+ 15. Kh1
dxe4 16. Nxe4 c4 17. f6 gxf6 18. gxf6 Bxf6 19. Nxf6+ Nxf6 20. Qg5+ Kh8 21. Qxf6+
Qxf6 22. Rxf6 Bxg2+ 23. Kxg2 Rg8+ 24. Kf2 cxd3 25. cxd3 Rad8 26. Bd2 Kg7 27. Bc3
Kf8 28. Bb4+ Kg7 29. Rf3 f6 30. Be7 Rd7 31. Bxf6+ Kh6 32. h4 Kh5 33. Re1 h6 34.
Re5+ Kg6 35. h5+ Kh7 36. Re7+ Rxe7 37. Bxe7 Rg7 38. Bf6 Rd7 39. d4 Rd5 40. Be5 1-0

[Event "Reykjavik Open 2018"]
[Site "Reykjavik ISL"]
[Date "2018.03.11"]
[Round "6.98"]
[White "Coleman, David J"]
[Black "Halldorsson, Haukur"]
[Result "1-0"]
[WhiteTitle "CM"]
[WhiteElo "2107"]
[BlackElo "1569"]
[WhiteFideId "402087"]
[BlackFideId "2305089"]
[EventDate "2018.03.06"]

1. e4 c6 2. d4 d5 3. exd5 cxd5 4. c4 dxc4 5. Bxc4 e6 6. Nf3 Nf6 7. O-O Nc6 8.
Nc3 Be7 9. Be3 O-O 10. Qe2 a6 11. Rad1 Qc7 12. Bd3 Rd8 13. Bb1 Nd5 14. Bc1 Nf6
15. Rfe1 b5 16. Bg5 Nd5 17. Nxd5 Rxd5 18. Qc2 Bxg5 19. Qxh7+ Kf8 20. Be4 1-0